000 00461nam a2200157 i 4500
001 91438
003 ES-MaACL
005 20230906180725.0
007 t|
008 050131s1931 sp ||||1| spa d
100 1 _aLévy-Valensi, J.
_972019
245 1 0 _aDiagnóstico neurológico
_b: guía del estudiante y el médico práctico /
_cpor J. Lévy-Valensi.
260 _aBarcelona :
_bSalvat,
_c1931.
300 _a664 p. ;
_c24 cm.
852 _aES-MaACL
_jE-1496
999 _c91438
_d91438